| Tag |
First Indicator |
Second Indicator |
Subfields |
| LEADER |
00000cam a2200000Ka 4500 |
| 001 |
in00001621721 |
| 005 |
20151023063523.0 |
| 008 |
870205s1902 dcu f000 0 eng d |
| 035 |
|
|
|a (OCoLC)ocm15155156
|
| 040 |
|
|
|a RQE
|c RQE
|d TXA
|d UtOrBLW
|
| 049 |
|
|
|a TXAM
|
| 090 |
|
|
|a KZ238.G7
|b E27 1902
|
| 110 |
1 |
|
|a United States.
|b Congress.
|b House.
|b Committee on War Claims.
|
| 245 |
1 |
0 |
|a Eastern Extension Australasia and China Telegraph Company, Limited, etc. ... :
|b to accompany H.R. 15849.
|
| 264 |
|
1 |
|a [Washington, D.C.] :
|b [G.P.O.?],
|c [1902]
|
| 300 |
|
|
|a 11 pages ;
|c 23 cm.
|
| 336 |
|
|
|a text
|b txt
|2 rdacontent
|
| 337 |
|
|
|a unmediated
|b n
|2 rdamedia
|
| 338 |
|
|
|a volume
|b nc
|2 rdacarrier
|
| 490 |
1 |
|
|a 57th Cong., 2nd sess. House. Report ;
|v no. 2870
|
| 500 |
|
|
|a "December 16, 1902--committed to the Committee of the whole house and ordered to be printed."
|
| 500 |
|
|
|a Caption title.
|
| 610 |
2 |
0 |
|a Eastern Extension Australasia and China Telegraph Company, Limited.
|
| 650 |
|
0 |
|a Spanish-American War, 1898
|x Claims.
|
| 810 |
1 |
|
|a United States.
|b Congress.
|b House.
|t Report ;
|v no.57-2870.
|
| 994 |
|
|
|a E0
|b TXA
|
| 948 |
|
|
|a cataloged
|b h
|c 2001/8/24
|d c
|e mzajicek
|f 1:03:50 pm
|
| 999 |
|
|
|a MARS
|
| 999 |
f |
f |
|s fb39826c-2b9c-3cfc-877e-180d50a7f5a6
|i 0ec7e6b5-f327-3ee4-ad74-1170a08a4ed6
|t 0
|
| 952 |
f |
f |
|p noncirc
|a Texas A&M University
|b College Station
|c Cushing Memorial Library & Archives
|d Cushing: Ragan Military (Does not check out)
|t 0
|e KZ238.G7 E27 1902
|h Library of Congress classification
|i unmediated -- volume
|
| 998 |
f |
f |
|a KZ238.G7 E27 1902
|t 0
|l Cushing: Ragan Military (Does not check out)
|